00416nam a2200181Ia 4500003000400000005001700004008004100021020001900062040000700081041000800088082001500096100002000111245004300131260001700174300000900191650001500200700001900215OSt20251127153840.0250729s1965 xx 000 0 und d a978-0451000996 cAL aeng a158.1 BURN aBrursk C Edward aNew decision-making tools for managers aLondonc1965 a413p aPsychology aChapman F John